[Event "World Corporate East D"]
[Site "Chess.com INT"]
[Date "2021.02.20"]
[Round "5.6"]
[White "Tsichlis, Georgios"]
[Black "Scheffner, Axel"]
[Result "0-1"]
[WhiteElo "2167"]
[BlackElo "2249"]
[PlyCount "52"]
[EventDate "2021.02.19"]
[EventType "team (rapid)"]
[EventRounds "7"]
[EventCountry "USA"]
[SourceTitle "EXT 2022"]
[Source "ChessBase"]
[SourceDate "2021.10.06"]
[SourceVersion "1"]
[SourceVersionDate "2021.10.06"]
[SourceQuality "1"]
[WhiteTeam "Microsoft Europe"]
[BlackTeam "Vodafone EMEA"]
[WhiteTeamCountry "GRE"]
[BlackTeamCountry "HUN"]

1. e4 c6 2. d4 d5 3. Nc3 dxe4 4. Nxe4 Nf6 5. Nxf6+ gxf6 6. c3 Bf5 7. Bd3 Bg6 8. Ne2 e6 9. Be3 Bd6 10. 0-0 Qc7 11. g3 Rg8 12. Qd2 Nd7 13. b4 h5 14. Bxg6 Rxg6 15. h4 0-0-0 16. Kh2 Rdg8 17. Rg1 Rg4 18. Bf4 e5 19. dxe5 fxe5 20. Bg5 f6 21. f3 Rc4 22. Be3 f5 23. Qd3 Rxh4+ 24. gxh4 e4+ 25. f4 Rxg1 26. Qd4 Rxa1 0-1

[Event "GER-chT Betriebe 17th"]
[Site "Berlin"]
[Date "2017.11.05"]
[Round "7.2"]
[White "Scheffner, Axel"]
[Black "Haas, Peter"]
[Result "1/2-1/2"]
[WhiteElo "2249"]
[BlackElo "2092"]
[PlyCount "24"]
[EventDate "2017.11.02"]
[EventType "team-swiss"]
[EventRounds "7"]
[EventCountry "GER"]
[SourceTitle "EXT 2020"]
[Source "ChessBase"]
[SourceDate "2019.10.17"]
[SourceVersion "1"]
[SourceVersionDate "2019.10.17"]
[SourceQuality "1"]
[WhiteTeam "Duesseldorf Vodafone"]
[BlackTeam "Muenchen ADAC"]
[WhiteTeamCountry "GER"]
[BlackTeamCountry "GER"]

1. d4 Nf6 2. c4 e6 3. Nc3 Bb4 4. f3 Nc6 5. a3 Bxc3+ 6. bxc3 b6 7. e4 Ba6 8. Bd3 Na5 9. Qe2 0-0 10. Bg5 h6 11. Be3 Ne8 12. e5 d5 1/2-1/2

[Event "GER-chT Betriebe 17th"]
[Site "Berlin"]
[Date "2017.11.04"]
[Round "5.2"]
[White "Scheffner, Axel"]
[Black "Rietze, Clemens"]
[Result "0-1"]
[WhiteElo "2249"]
[BlackElo "2319"]
[PlyCount "128"]
[EventDate "2017.11.02"]
[EventType "team-swiss"]
[EventRounds "7"]
[EventCountry "GER"]
[SourceTitle "EXT 2020"]
[Source "ChessBase"]
[SourceDate "2019.10.17"]
[SourceVersion "1"]
[SourceVersionDate "2019.10.17"]
[SourceQuality "1"]
[WhiteTeam "Duesseldorf Vodafone"]
[BlackTeam "Frankfurt AGI"]
[WhiteTeamCountry "GER"]
[BlackTeamCountry "GER"]

1. d4 Nf6 2. c4 e6 3. Nc3 Bb4 4. f3 d5 5. e3 0-0 6. a3 Bxc3+ 7. bxc3 c5 8. cxd5 exd5 9. Bd3 b6 10. Ne2 Ba6 11. Bxa6 Nxa6 12. 0-0 Nc7 13. a4 Nce8 14. Re1 Nd6 15. Nf4 cxd4 16. Qxd4 Nf5 17. Qd3 Qd7 18. a5 Rac8 19. axb6 axb6 20. Ba3 Rfd8 21. Rab1 Rc6 22. Rbd1 g6 23. e4 dxe4 24. Qxd7 Rxd7 25. Rxd7 Nxd7 26. fxe4 Rxc3 27. Bb2 Rc2 28. Ba1 Ne3 29. Bd4 Ng4 30. h3 Nge5 31. Nd5 b5 32. Ra1 Rc4 33. Nf6+ Kf8 34. Ra8+ Ke7 35. Nd5+ Kd6 36. Ra6+ Nc6 37. Bf2 b4 38. Bg3+ Kc5 39. Bf2+ Kd6 40. Bg3+ Nde5 41. Nxb4 Rxb4 42. Bxe5+ Kxe5 43. Rxc6 Rxe4 44. Rc7 Rf4 45. g3 Rf5 46. Kg2 g5 47. g4 Rf4 48. Rc6 f6 49. Rc8 Rd4 50. Re8+ Kf4 51. Re2 h5 52. gxh5 Kf5 53. Rf2+ Ke6 54. Ra2 Rh4 55. Ra6+ Kf7 56. Ra7+ Kg8 57. Ra6 Kg7 58. Ra7+ Kh6 59. Ra6 Rf4 60. h4 gxh4 61. Kh3 Kxh5 62. Ra8 Rf3+ 63. Kg2 Rg3+ 64. Kh2 Kg4 0-1

[Event "GER-chT Betriebe 16th"]
[Site "Dresden"]
[Date "2016.11.05"]
[Round "5.1"]
[White "Choinowski, Gustav"]
[Black "Scheffner, Axel"]
[Result "0-1"]
[WhiteElo "2088"]
[BlackElo "2249"]
[PlyCount "68"]
[EventDate "2016.11.03"]
[EventType "team-swiss"]
[EventRounds "7"]
[EventCountry "GER"]
[SourceTitle "EXT 2020"]
[Source "ChessBase"]
[SourceDate "2019.10.17"]
[SourceVersion "1"]
[SourceVersionDate "2019.10.17"]
[SourceQuality "1"]
[WhiteTeam "Hamburg Unilever"]
[BlackTeam "Duesseldorf Vodafone"]
[WhiteTeamCountry "GER"]
[BlackTeamCountry "GER"]

1. d4 d5 2. c4 c6 3. Nf3 Nf6 4. Nc3 a6 5. e3 Bg4 6. Bd3 e6 7. 0-0 Be7 8. b3 0-0 9. Bb2 b5 10. c5 Nbd7 11. Be2 Qc7 12. b4 a5 13. a3 Bf5 14. Nd2 e5 15. g4 exd4 16. exd4 axb4 17. axb4 Rxa1 18. Bxa1 Be6 19. f4 Nb8 20. f5 Bc8 21. g5 Ne8 22. f6 gxf6 23. gxf6 Bxf6 24. Bd3 Qe7 25. Kh1 Qe3 26. Rf3 Qh6 27. Bxb5 cxb5 28. Nxd5 Bb7 29. c6 Bxc6 30. Nxf6+ Nxf6 31. d5 Bxd5 32. Qg1+ Kh8 33. Qg4 Nbd7 34. Bc3 Qe3 0-1

[Event "GER-chT Betriebe 16th"]
[Site "Dresden"]
[Date "2016.11.04"]
[Round "3.1"]
[White "Gohil, Harry"]
[Black "Scheffner, Axel"]
[Result "1-0"]
[WhiteElo "2322"]
[BlackElo "2249"]
[PlyCount "59"]
[EventDate "2016.11.03"]
[EventType "team-swiss"]
[EventRounds "7"]
[EventCountry "GER"]
[SourceTitle "EXT 2020"]
[Source "ChessBase"]
[SourceDate "2019.10.17"]
[SourceVersion "1"]
[SourceVersionDate "2019.10.17"]
[SourceQuality "1"]
[WhiteTeam "Frankfurt Commerzbank"]
[BlackTeam "Duesseldorf Vodafone"]
[WhiteTeamCountry "GER"]
[BlackTeamCountry "GER"]

1. Nf3 d5 2. g3 c6 3. Bg2 Nf6 4. d3 g6 5. Nbd2 Bg7 6. 0-0 0-0 7. e4 dxe4 8. dxe4 Na6 9. Qe2 h6 10. Nb3 Bg4 11. h3 Bxf3 12. Bxf3 e5 13. Be3 Qe7 14. Qc4 Rfd8 15. Na5 Qc7 16. b4 Bf8 17. c3 c5 18. a3 Rab8 19. Qe2 b5 20. a4 Rbc8 21. axb5 Nb8 22. bxc5 Bxc5 23. Bxc5 Qxc5 24. Nb7 Qxc3 25. Nxd8 Rxd8 26. Rfc1 Qb4 27. Rxa7 Rd2 28. Qc4 Qf8 29. Qc5 Qe8 30. Qe7 1-0

[Event "Oberliga NRW 1314"]
[Site "Germany"]
[Date "2014.04.27"]
[Round "9.6"]
[White "Van Osch, Mees"]
[Black "Scheffner, Axel"]
[Result "0-1"]
[WhiteElo "2241"]
[BlackElo "2158"]
[PlyCount "82"]
[EventDate "2013.09.15"]
[EventType "team-tourn"]
[EventRounds "9"]
[EventCountry "GER"]
[SourceTitle "EXT 2015"]
[Source "ChessBase"]
[SourceDate "2014.11.20"]
[SourceVersion "1"]
[SourceVersionDate "2014.11.20"]
[SourceQuality "1"]
[WhiteTeam "Muelheim II"]
[BlackTeam "Solingen II"]
[WhiteTeamCountry "GER"]
[BlackTeamCountry "GER"]

1. e4 c6 2. d4 d5 3. Nc3 dxe4 4. Nxe4 Nf6 5. Nxf6+ gxf6 6. c3 Bf5 7. Ne2 h5 8. Ng3 Bg4 9. f3 Be6 10. Bd3 h4 11. Ne4 Bd5 12. Qe2 Bxe4 13. fxe4 e6 14. Bf4 Nd7 15. 0-0-0 Qa5 16. Kb1 0-0-0 17. Rhf1 Bh6 18. Bd6 Bf8 19. Bf4 Bh6 20. Bd6 Bf8 21. Bxf8 Rhxf8 22. Bc4 Qc7 23. d5 cxd5 24. exd5 Ne5 25. Bb3 exd5 26. Rxf6 Nc4 27. Qf2 Qxh2 28. Qxa7 Qe5 29. Rf3 f5 30. Rfd3 Qe4 31. Bc2 Qxg2 32. Qc5+ Kb8 33. b3 h3 34. Rg1 Na3+ 35. Ka1 Nxc2+ 36. Kb1 Na3+ 37. Ka1 Qh2 38. Rg7 Qd6 39. Qxd6+ Rxd6 40. Kb2 Rh8 41. Rdg3 Rdh6 0-1

[Event "Daehne Cup final"]
[Site "Magdeburg"]
[Date "2011.06.23"]
[Round "2"]
[White "Metz, Hartmut"]
[Black "Scheffner, Axel"]
[Result "1-0"]
[WhiteElo "2307"]
[BlackElo "2312"]
[PlyCount "55"]
[EventDate "2011.06.23"]
[EventType "swiss"]
[EventRounds "5"]
[EventCountry "GER"]
[SourceTitle "CBM 143 Extra"]
[Source "ChessBase"]
[SourceDate "2011.08.29"]
[SourceVersion "1"]
[SourceVersionDate "2011.08.29"]
[SourceQuality "1"]

1. e4 c6 2. d4 d5 3. e5 c5 4. Nf3 Nc6 5. Be2 Bg4 6. c3 e6 7. Be3 Bxf3 8. Bxf3 Qb6 9. Qd2 cxd4 10. cxd4 Na5 11. 0-0 Nc4 12. Qe2 Qxb2 13. Nd2 Nxd2 14. Bxd2 a6 15. Rab1 Qxd4 16. Rxb7 Ne7 17. Rc1 Qa4 18. Bg5 h6 19. Qb2 Nc6 20. Bd1 Qe4 21. Bc2 Qg4 22. Be3 Be7 23. Bd1 Qe4 24. Rxc6 0-0 25. Bc2 Qg4 26. Rxe7 Rab8 27. h3 Qe2 28. Bh7+ 1-0

[Event "NRW Class1 1011"]
[Site "Germany"]
[Date "2011.01.30"]
[Round "6.4"]
[White "Kotter, Ralf"]
[Black "Scheffner, Axel"]
[Result "1-0"]
[WhiteElo "2310"]
[BlackElo "2318"]
[PlyCount "67"]
[EventDate "2010.09.26"]
[EventType "team-tourn"]
[EventRounds "9"]
[EventCountry "GER"]
[SourceTitle "EXT 2012"]
[Source "ChessBase"]
[SourceDate "2011.11.24"]
[SourceVersion "1"]
[SourceVersionDate "2011.11.24"]
[SourceQuality "1"]
[WhiteTeam "Dortmund Hansa II"]
[BlackTeam "Solingen III"]
[WhiteTeamCountry "GER"]
[BlackTeamCountry "GER"]

1. e4 c6 2. d4 d5 3. e5 c5 4. dxc5 e6 5. Be3 Nh6 6. Bd3 Nd7 7. Nf3 Nxc5 8. 0-0 Nxd3 9. Qxd3 Bd7 10. Re1 Nf5 11. Bg5 Qb6 12. Qb3 Bc5 13. Qxb6 Bxb6 14. g4 h6 15. Bc1 Ne7 16. Be3 Bc7 17. Nbd2 f6 18. Bd4 f5 19. gxf5 Nxf5 20. Bc5 g5 21. c3 g4 22. Nd4 Nh4 23. Re3 Rg8 24. c4 0-0-0 25. cxd5 exd5 26. Kf1 Nf5 27. Nxf5 Bxf5 28. Rc1 Kd7 29. Nb3 b6 30. Ba3 Rde8 31. Nd4 Be4 32. e6+ Kd8 33. Rec3 Rg7 34. e7+ 1-0

[Event "EU-Cup 26th"]
[Site "Plovdiv"]
[Date "2010.10.18"]
[Round "2.6"]
[White "Scheffner, Axel"]
[Black "Roiz, Michael"]
[Result "0-1"]
[WhiteElo "2318"]
[BlackElo "2637"]
[PlyCount "72"]
[EventDate "2010.10.17"]
[EventType "team-swiss"]
[EventRounds "7"]
[EventCountry "BUL"]
[SourceTitle "CBM 139"]
[Source "ChessBase"]
[SourceDate "2010.11.18"]
[SourceVersion "1"]
[SourceVersionDate "2010.11.18"]
[SourceQuality "1"]
[WhiteTeam "Solingen"]
[BlackTeam "Economist SGSEU"]
[WhiteTeamCountry "GER"]
[BlackTeamCountry "RUS"]

1. d4 Nf6 2. Nf3 d5 3. c4 e6 4. Nc3 c6 5. e3 Nbd7 6. Qc2 b6 7. b3 Bb7 8. Be2 Be7 9. 0-0 0-0 10. Rd1 Qc7 11. Bb2 Rfd8 12. Rac1 Rac8 13. Qb1 Qb8 14. cxd5 cxd5 15. Bd3 h6 16. h3 Qa8 17. Nd2 a6 18. f4 b5 19. Nf3 Ne4 20. Bxe4 dxe4 21. Nd2 Nf6 22. Nf1 h5 23. Rd2 Bc6 24. Rdc2 Qb7 25. Nd1 Nd5 26. Nf2 f5 27. g4 hxg4 28. hxg4 b4 29. Re1 Bh4 30. gxf5 exf5 31. Qd1 Bb5 32. Rc5 Rxc5 33. dxc5 Nxf4 34. Bd4 Qf7 35. exf4 Qg6+ 36. Kh1 Bxf2 0-1

[Event "NRW Class2 0910"]
[Site "Germany"]
[Date "2010.03.21"]
[Round "8.4"]
[White "Bornemann, Michael"]
[Black "Scheffner, Axel"]
[Result "1/2-1/2"]
[WhiteElo "2201"]
[BlackElo "2300"]
[PlyCount "144"]
[EventDate "2009.09.20"]
[EventType "team-tourn"]
[EventRounds "9"]
[EventCountry "GER"]
[SourceTitle "EXT 2011"]
[Source "ChessBase"]
[SourceDate "2010.11.26"]
[SourceVersion "1"]
[SourceVersionDate "2010.11.26"]
[SourceQuality "1"]
[WhiteTeam "Hagen"]
[BlackTeam "Solingen SG III"]
[WhiteTeamCountry "GER"]
[BlackTeamCountry "GER"]

1. d4 d5 2. c4 c6 3. Nc3 Nf6 4. Nf3 a6 5. cxd5 cxd5 6. Bf4 Nc6 7. e3 Nh5 8. Bd3 Nxf4 9. exf4 Bg4 10. h3 Bxf3 11. Qxf3 e6 12. Qe3 g6 13. f5 gxf5 14. Bxf5 Qf6 15. Nxd5 Qxf5 16. Nc7+ Kd7 17. Nxa8 Bb4+ 18. Ke2 Qb5+ 19. Kf3 Qd5+ 20. Ke2 Qc4+ 21. Kf3 Qd5+ 22. Ke2 Rxa8 23. Rhd1 Qxg2 24. d5 exd5 25. Rxd5+ Qxd5 26. Rd1 Qd6 27. Rxd6+ Bxd6 28. Qh6 Re8+ 29. Kf1 Re6 30. Qxh7 Rf6 31. Qe4 Kc7 32. Qd5 b6 33. Qg5 Be5 34. b3 Bd4 35. Qg3+ Kb7 36. f3 Ne5 37. f4 Ng6 38. Qf3+ Kc7 39. f5 Ne5 40. Qe4 Nc6 41. Kg2 Bc5 42. h4 Bd6 43. Kh3 Be5 44. h5 Rd6 45. Qc4 Rf6 46. Kg4 b5 47. Qd5 Bd6 48. Qd2 Ne5+ 49. Kh3 Nd7 50. h6 Rxf5 51. Qa5+ Kb7 52. Qd8 Kc6 53. Kg4 Rf4+ 54. Kg5 f6+ 55. Kh5 Rf5+ 56. Kg6 Rg5+ 57. Kf7 Ne5+ 58. Ke6 Bc7 59. Qe8+ Kb7 60. h7 Ng6 61. Kxf6 Rg4 62. Kf5 Rg3 63. h8Q Nxh8 64. Qxh8 Rd3 65. Qh1+ Kb8 66. Ke6 Rd6+ 67. Ke7 Ka7 68. Qh5 Kb7 69. Qc5 Rd3 70. Qf5 Rd6 71. Qe4+ Ka7 72. Qb4 Rd8 1/2-1/2

[Event "BL2-West 0910"]
[Site "Germany"]
[Date "2009.11.29"]
[Round "3.8"]
[White "Malykin, Vitaly"]
[Black "Scheffner, Axel"]
[Result "1/2-1/2"]
[WhiteElo "2380"]
[BlackElo "2300"]
[PlyCount "66"]
[EventDate "2009.10.18"]
[EventType "team-tourn"]
[EventRounds "9"]
[EventCountry "GER"]
[SourceTitle "EXT 2011"]
[Source "ChessBase"]
[SourceDate "2010.11.26"]
[SourceVersion "1"]
[SourceVersionDate "2010.11.26"]
[SourceQuality "1"]
[WhiteTeam "Koeln Porz"]
[BlackTeam "Solingen"]
[WhiteTeamCountry "GER"]
[BlackTeamCountry "GER"]

1. Nf3 d5 2. d4 Nf6 3. c4 c6 4. e3 g6 5. Nc3 Bg7 6. Be2 0-0 7. 0-0 a6 8. b3 Bf5 9. Bb2 Ne4 10. Rc1 Nxc3 11. Bxc3 Bg4 12. h3 Bxf3 13. Bxf3 e6 14. Qd2 f5 15. Ba5 Qe8 16. Bc7 Rf7 17. Bh2 Nd7 18. a4 Nf6 19. b4 Bf8 20. Qb2 g5 21. Be2 h5 22. Be5 g4 23. f3 Bh6 24. Qc3 gxh3 25. gxh3 Nd7 26. f4 Nxe5 27. dxe5 Qe7 28. Kh2 Qh4 29. Qe1 Qxe1 30. Rfxe1 d4 31. Kg3 Rd7 32. Rcd1 Rad8 33. Bxh5 dxe3 1/2-1/2

[Event "NRW Class2 0809"]
[Site "Germany"]
[Date "2009.02.01"]
[Round "6.5"]
[White "Fehmer, Carsten"]
[Black "Scheffner, Axel"]
[Result "1-0"]
[WhiteElo "2133"]
[BlackElo "2306"]
[PlyCount "87"]
[EventDate "2008.09.21"]
[EventType "tourn"]
[EventRounds "9"]
[EventCountry "GER"]
[SourceTitle "EXT 2010"]
[Source "ChessBase"]
[SourceDate "2010.11.25"]
[SourceVersion "1"]
[SourceVersionDate "2010.11.25"]
[SourceQuality "1"]
[WhiteTeam "Krefeld"]
[BlackTeam "Solingen III"]
[WhiteTeamCountry "GER"]
[BlackTeamCountry "GER"]

1. Nf3 d5 2. g3 Nf6 3. Bg2 Bf5 4. c4 c6 5. cxd5 cxd5 6. 0-0 Nbd7 7. d3 h6 8. Qb3 Qb6 9. Qxb6 Nxb6 10. Nc3 Rc8 11. Be3 Bd7 12. a4 Ra8 13. Ne5 e6 14. Nxd7 Kxd7 15. Nb5 Nc8 16. Rfc1 Ne8 17. Rc2 a6 18. Nd4 Bb4 19. Rac1 Ncd6 20. Nb3 b5 21. axb5 axb5 22. Bc5 Bxc5 23. Nxc5+ Ke7 24. e4 dxe4 25. Nxe4 Rb8 26. Ra1 Nxe4 27. dxe4 Nd6 28. Ra7+ Kf6 29. f4 Kg6 30. e5 Nf5 31. Rcc7 Rhc8 32. g4 Rxc7 33. gxf5+ Kxf5 34. Rxc7 f6 35. exf6 gxf6 36. Bh3+ Kxf4 37. Bxe6 Rd8 38. Rd7 Ra8 39. Rd1 Ke5 40. Bb3 Ra7 41. Rd5+ Kf4 42. Kf2 Rb7 43. Bc2 Kg4 44. h3+ 1-0

[Event "NRW Class2 0809"]
[Site "Germany"]
[Date "2008.11.30"]
[Round "4.5"]
[White "Smit, Erik"]
[Black "Scheffner, Axel"]
[Result "1/2-1/2"]
[WhiteElo "2266"]
[BlackElo "2306"]
[PlyCount "87"]
[EventDate "2008.09.21"]
[EventType "tourn"]
[EventRounds "9"]
[EventCountry "GER"]
[SourceTitle "EXT 2010"]
[Source "ChessBase"]
[SourceDate "2010.11.25"]
[SourceVersion "1"]
[SourceVersionDate "2010.11.25"]
[SourceQuality "1"]
[WhiteTeam "Emsdetten II"]
[BlackTeam "Solingen III"]
[WhiteTeamCountry "GER"]
[BlackTeamCountry "GER"]

1. d4 d5 2. Nf3 Nf6 3. c4 c6 4. Nc3 a6 5. e3 g6 6. b3 Bg7 7. Bd3 0-0 8. Bb2 Nbd7 9. 0-0 b5 10. Rc1 Re8 11. a4 b4 12. Ne2 a5 13. Ng3 Bb7 14. Ne5 Nxe5 15. dxe5 Nd7 16. cxd5 cxd5 17. f4 e6 18. Bb5 Rf8 19. Bxd7 Qxd7 20. Ne4 Rfc8 21. Qd4 Qd8 22. Nd6 Ba6 23. Rxc8 Bxc8 24. Rc1 Ba6 25. Qc5 f6 26. exf6 Bxf6 27. Bxf6 Qxf6 28. Qc6 Qd8 29. Nb5 Qe8 30. Nc7 Qxc6 31. Rxc6 Rc8 32. Rc5 Bd3 33. Kf2 Bf5 34. h3 h5 35. Kf3 h4 36. Na6 Be4+ 37. Kf2 Rxc5 38. Nxc5 Bc2 39. Ke2 Kf7 40. Kd2 Be4 41. Nxe4 dxe4 42. Ke2 e5 43. g4 Ke6 44. fxe5 1/2-1/2

[Event "Solingen op-A"]
[Site "Solingen"]
[Date "2005.05.28"]
[Round "4"]
[White "Jansen, Dirk Norbert"]
[Black "Scheffner, Axel"]
[Result "1/2-1/2"]
[WhiteElo "2154"]
[BlackElo "2318"]
[PlyCount "70"]
[EventDate "2005.05.26"]
[EventType "swiss"]
[EventRounds "7"]
[EventCountry "GER"]
[SourceTitle "EXT 2006"]
[Source "ChessBase"]
[SourceDate "2005.11.24"]
[SourceVersion "1"]
[SourceVersionDate "2005.11.24"]
[SourceQuality "1"]

1. e4 c6 2. d4 d5 3. e5 c5 4. dxc5 Nc6 5. Bb5 e6 6. Be3 Nge7 7. Nf3 Qa5+ 8. Nc3 Nf5 9. Nd4 Nxe3 10. fxe3 Bd7 11. Bxc6 Bxc6 12. Nb3 Qc7 13. Qd4 g6 14. Nc1 Bg7 15. Nd3 0-0 16. 0-0 Rae8 17. Rad1 Rc8 18. b4 b6 19. a4 bxc5 20. bxc5 Rb8 21. Rb1 Qa5 22. Rb3 Qc7 23. Nb5 Qa5 24. Rfb1 f6 25. exf6 Bxf6 26. Qg4 Bd7 27. c6 Bc8 28. Qg3 Rb6 29. Qd6 Qd2 30. Nf4 Qxc2 31. Nxe6 Be7 32. Qg3 Bxe6 33. a5 Rxc6 34. h4 Qe4 35. R3b2 Bxh4 1/2-1/2

[Event "Solingen op-A"]
[Site "Solingen"]
[Date "2005.05.28"]
[Round "5"]
[White "Scheffner, Axel"]
[Black "Goerke, Joachim"]
[Result "1/2-1/2"]
[WhiteElo "2318"]
[BlackElo "2150"]
[PlyCount "59"]
[EventDate "2005.05.26"]
[EventType "swiss"]
[EventRounds "7"]
[EventCountry "GER"]
[SourceTitle "EXT 2006"]
[Source "ChessBase"]
[SourceDate "2005.11.24"]
[SourceVersion "1"]
[SourceVersionDate "2005.11.24"]
[SourceQuality "1"]

1. d4 Nf6 2. Nc3 d5 3. Bg5 e6 4. e4 dxe4 5. Nxe4 Be7 6. Bxf6 Bxf6 7. c3 0-0 8. f4 b6 9. Bd3 Bb7 10. Qe2 Nd7 11. 0-0-0 Rc8 12. Nf3 Bxe4 13. Qxe4 g6 14. Ba6 Rb8 15. Bb5 Qe7 16. g4 a6 17. Bc6 b5 18. g5 Bh8 19. Bxd7 Qxd7 20. Ne5 Bxe5 21. dxe5 Qe7 22. Rd4 c5 23. Rd6 c4 24. Rhd1 b4 25. Rxa6 bxc3 26. bxc3 Qc5 27. Ra4 Qf2 28. Rd2 Qf1+ 29. Rd1 Qf2 30. Rd2 1/2-1/2

[Event "IECG WC.2000.F.00001 email"]
[Site "IECG email"]
[Date "2000.11.01"]
[Round "?"]
[White "Alvarez, Roberto Gabriel"]
[Black "Scheffner, Axel"]
[Result "0-1"]
[WhiteElo "2563"]
[BlackElo "2416"]
[PlyCount "83"]
[EventDate "2000.11.01"]
[EventType "tourn (corr)"]
[EventRounds "14"]
[SourceTitle "Corr 2008"]
[Source "ChessBase"]
[SourceDate "2008.06.24"]
[SourceVersion "1"]
[SourceVersionDate "2008.06.24"]
[SourceQuality "1"]

1. d4 d5 2. c4 c6 3. Nc3 Nf6 4. e3 e6 5. Nf3 Nbd7 6. Qc2 Bd6 7. Bd3 0-0 8. 0-0 dxc4 9. Bxc4 b5 10. Be2 Bb7 11. Rd1 Qb8 12. e4 e5 13. dxe5 Nxe5 14. Nd4 Ng6 15. g3 Re8 16. Nf5 Bc5 17. a3 a5 18. Bg5 Qe5 19. Bf3 Rac8 20. Bxf6 Qxf6 21. Na4 Bf8 22. Nc5 Ne5 23. Be2 Rc7 24. Nxb7 Rxb7 25. f4 Nc4 26. e5 Qe6 27. Kh1 a4 28. Nd4 Qh6 29. Nf5 Qe6 30. Rac1 Reb8 31. Bg4 Qe8 32. Bf3 Rb6 33. Qf2 c5 34. Bd5 Qc8 35. Ne3 Nxe3 36. Qxe3 g6 37. Rc2 c4 38. Re2 Bc5 39. Qe4 Be7 40. f5 Qxf5 41. Qxf5 gxf5 42. Rf2 0-1

[Event "IECG WC.2000.F.00001 email"]
[Site "IECG email"]
[Date "2000.11.01"]
[Round "?"]
[White "Scheffner, Axel"]
[Black "Morgado, Juan Sebastian"]
[Result "1-0"]
[WhiteElo "2416"]
[BlackElo "2696"]
[PlyCount "99"]
[EventDate "2000.11.01"]
[EventType "tourn (corr)"]
[EventRounds "14"]
[SourceTitle "Corr 2024"]
[Source "ChessBase"]
[SourceDate "2023.10.19"]
[SourceVersion "1"]
[SourceVersionDate "2023.10.19"]
[SourceQuality "1"]

1. d4 Nf6 2. c4 g6 3. Nc3 Bg7 4. e4 d6 5. Be2 0-0 6. Bg5 Na6 7. Qd2 e5 8. d5 c6 9. f3 cxd5 10. cxd5 Bd7 11. g4 h6 12. Be3 h5 13. h3 Nc5 14. b4 Na4 15. Nb5 Ne8 16. Rc1 f5 17. exf5 gxf5 18. Bg5 Bf6 19. Bh6 Bh4+ 20. Kd1 Rf7 21. gxf5 Rc8 22. Rc2 a6 23. Na3 Rxc2 24. Kxc2 Bxf5+ 25. Kb3 b5 26. Nxb5 axb5 27. Bxb5 Nb6 28. Ne2 Nc7 29. Bc6 Bg6 30. Rf1 Qc8 31. Nc3 Kh7 32. Be3 Nd7 33. Rg1 Nb8 34. Qg2 Rg7 35. Ba4 Bf6 36. Qf1 e4 37. Nxe4 Nxd5 38. Qd3 Qe6 39. Ka3 Nxe3 40. Qxe3 Qe7 41. Qd2 Qe5 42. Ng5+ Bxg5 43. Rxg5 Qf6 44. f4 Ra7 45. Rd5 Nd7 46. Ra5 Rxa5 47. bxa5 Nc5 48. Bc2 Bxc2 49. Qxc2+ Kg7 50. Qd1 1-0

[Event "IECG WC.2000.F.00001 email"]
[Site "IECG email"]
[Date "2000.11.01"]
[Round "?"]
[White "Scheffner, Axel"]
[Black "Siefring, Carl L"]
[Result "1/2-1/2"]
[WhiteElo "2416"]
[BlackElo "2205"]
[PlyCount "44"]
[EventDate "2000.11.01"]
[EventType "tourn (corr)"]
[EventRounds "14"]
[SourceTitle "Corr 2008"]
[Source "ChessBase"]
[SourceDate "2008.06.24"]
[SourceVersion "1"]
[SourceVersionDate "2008.06.24"]
[SourceQuality "1"]

1. e4 c5 2. Nf3 d6 3. c3 Nf6 4. Be2 Nc6 5. d4 cxd4 6. cxd4 Nxe4 7. d5 Qa5+ 8. Nc3 Nxc3 9. bxc3 Ne5 10. Nxe5 Qxc3+ 11. Bd2 Qxe5 12. 0-0 Qxd5 13. Rc1 Bd7 14. Bf3 Qxa2 15. Ra1 Qc4 16. Bxb7 Rb8 17. Qf3 Qc5 18. Rfc1 Qf5 19. Qxf5 Bxf5 20. Rxa7 f6 21. Ba5 Kf7 22. Bc7 Re8 1/2-1/2